00845 2200277 4500001002100000005001500021035002500036008004100061020002200102040001700124082001200141084001200153245015300165250002500318260003400343300002500377500003500402650002100437700001500458850001200473007000300485090001600488090002100504999002100525990002100546INLIS00000000001291920200304095316 a0010-091500000001432150916s2015 yoi fr ind d a978-979-21-4275-4 aYOPDYOGbind04223a266 a266 EVA10aEvabgelii gaudium suka cita injil :bsurat anjuran Bapa suci Paulus Fransiskus tentang pewartaan Injil di dunia dewasa ini /cpenyunting, Widiantoro aCetakan pertama,201531aYogyakarta :bKanisius,c2015 a248 halaman ;c19 cm aBibliografi : hlalaman 234-247 4aPengabaran Injil0 aWidiantoro aYOPDYOGta aDEP 266 EVA aCB-D.11 2015-306 aCB-D.11/2015-306 aCB-D.11/2015-306